1552 1986 1294 1497 1509 1826 1760 1910 1817 1659 1998 1428 1198 1779 1501 1417 1328 1407 1449 1544 1253 1687 1537 1332 1531 1473 1330 1070 1547 1542 1865 1102 1363 1814 1414 1770 1728 1681 1051 1617 1003 1110 1992 1863 1029 1587 1364 1085 1198 1538 1256 1280 1763 1248 1975 1397 1955 1311 1688 1484 1579 1610 1759 1670 1594 1570 1516 1834 1812 1093 1947 1765 1998 1848 1250 1401 1402 1772 1706 1117 1649 1149 1538 1443 1065 1136 1026 1913 1977 1709 1091 1054 1120 1654 1267 1125 1459 1080 1258 BCNSPRNW ULIB Ver.6.0+V

เปลี่ยนเป็นภาษาไทย

Change to English
 แสดงรายละเอียดบรรณานุกรม
  กลับหน้าหลัก

Brief Record : Get Marc (ISO 2709) : E-mail record : QR code < ปิดหน้าต่าง
LEADER : 00000nam 2200000uu 4500
001    13399114574
003     ULIB
008    120418s2555||||th 000 0 tha d
020    ^a9749213831
050  4 ^aBQ4190^bค167ว
100 0  ^aครูไวทย์ สันตยารมณ์
245 10 ^aวรรณกรรมเพื่อพัฒนาชีวิต เล่มที่ 2 ต่อจากเรื่องเวลาที่เหลือเพื่อความดีงาม เหมือนพระจันทร์ พ้นจากเมฆ /^cครูไวทย์ สันตยารมณ์
260    ^aกรุงเทพฯ :^bบ้านครูไวทย์,^c2555
300    ^a116 หน้า ;^c21 ซม.
506    www.kru-wai.com
650  7 ^aธรรมะ
650  7 ^aนวนิยายอิงธรรม
650  7 ^aธรรม^vรวมเรื่อง
945    ^p0^l0^i031652
945    ^p0^l0^i031653
945    ^p0^l0^i031654
995    ^aเกษร
999    ^aใช้งานได้ทุกระบบ
รายการนี้ยังไม่มีแท็ก
คุณยังไม่ได้ล็อกอิน คุณสามารถมีกิจกรรมร่วมกับเว็บไซต์ได้ แต่ต้องล็อกอินก่อน ::
  ล็อกอิน

รายการสื่อสารสนเทศ

ลำดับที่ ประเภท เลขเรียก/บาร์โค้ด สถานที่ สถานะ
- ไม่พบข้อมูล -

รายการใกล้เคียง
    ผู้แต่ง [ครูไวทย์ สันตยารมณ์]

    หัวเรื่อง [ธรรมะ]
    หัวเรื่อง [นวนิยายอิงธรรม]

BibComment


ยังไม่เคยถูกคอมเมนท์

คอมเมนท์ทรัพยากรรายการนี้
  คอมเมนท์: วรรณกรรมเพื่อพัฒ..


 Copyright 2026. Bcnsprnw @Library